| 000 | 00658 a2200193 4500 | ||
|---|---|---|---|
| 010 | _aENG-89425 | ||
| 020 |
_c190.00 _a8170174872 |
||
| 035 | _aEN-72958 | ||
| 037 | _bDBAD / PUB | ||
| 082 | 1 | 4 | _a230.45 |
| 090 |
_c10910 _d10910 |
||
| 100 | 1 | _aRanchan, Som | |
| 245 | 1 |
_aMantra manual/ _cby Som Ranchan |
|
| 260 |
_aNew Delhi _bAbhinav Publications _c2007 |
||
| 270 |
_aE-37, Hauz Khas _bNew Delhi _e110016 _cDelhi _k26566387, 26562784, 26524658 _mwww.abhinavexports.com _l26857009 |
||
| 300 |
_a98p. _c21 cm ( Hb.) |
||
| 942 |
_adpl _cEN _k230.45/ RAN |
||
| 999 |
_c10608 _d10608 |
||